Estadísticas para Países más cercanos a Senegal

Haz click aquí para intentar la prueba.

Estadísticas generales

  • Esta prueba ha sido intentada 41 veces
  • La puntuación promedio es 16 de 20

Estadísticas de respuestas

kmpaís% Correcto
1233Marruecos
97%
1317Argelia
91%
1340Benín
91%
0Gambia
91%
938Ghana
91%
0Guinea
91%
452Liberia
91%
0Mauritania
91%
1231Togo
91%
0Malí
88%
1257Níger
88%
262Sierra Leona
88%
571Cabo Verde
85%
442Côte d'Ivoire
85%
1591Nigeria
85%
658Burkina Faso
82%
0Guinea-Bissau
82%
1231España
48%
1787Portugal
42%
479Sahara Occidental
36%

Distribución de puntuación

Porcentaje por número respondido

Porcentaje de gente con cada puntuación

Historial de tus puntuaciones

No has intentado esta prueba.